| 000 | 00998nam0a22002411 4500 | ||
|---|---|---|---|
| 001 | rc\2782445 | ||
| 005 | 20230529132733.0 | ||
| 035 | _a(NLR Aleph) 006908667 | ||
| 090 |
_a7323815 _c7323815 |
||
| 100 | _a20110915d1935 |||y0rusy50 ca | ||
| 101 | 0 | _arus | |
| 102 | _aRU | ||
| 105 | _aa z ||||| | ||
| 200 | 1 |
_aКоэфициенты использования печатных машин _eПроизвод.-техн.-экон. анализ печатного парка Огиза _fИнж. Е. В. Готман _gНауч.-иссл. ин-т полигр. и изд-ской пром-сти Огиза |
|
| 210 |
_aМосква _cСоцэкгиз _d1935 _gтиполаборатория НИИ |
||
| 215 |
_aОбл., 85 с., 6 вкл. л. табл. _cдиагр. _d22х15 см. |
||
| 700 | 1 |
_aГотман _bЕ. В. _f1885- _gЕлизар Вениаминович |
|
| 801 | 0 |
_aRU _bNLR _gpsbo |
|
| 801 | 1 |
_aRU _bELAR _2rusmarc |
|
| 852 |
_aNLR _j35-11/501 |
||
| 942 | _cBOOK | ||
| 980 | _aNB | ||